000 00265nam a2200109Ia 4500
008 190919s9999||||xx |||||||||||||| ||und||
100 _aS. Irtiza Husain
245 4 _aThe Path of the Imams (A.S.)
260 _aCanada
_bPearson
_c2002
300 _a110
942 _cBK
999 _c11595
_d11595